| 000 | 01732aam a22004571a 4500 | ||
|---|---|---|---|
| 999 |
_c2899 _d2899 |
||
| 001 | 018530966 | ||
| 003 | Uk | ||
| 005 | 20230911102545.0 | ||
| 006 | m || d | | ||
| 007 | cr ||||||||||| | ||
| 008 | 101112s2009 enk o 000 1 eng d | ||
| 015 |
_aGBB7I4024 _2bnb |
||
| 020 | _a9780141190273 | ||
| 037 |
_aPenguinGroup291353 _bIngram Content Group |
||
| 040 |
_aOCLCE _beng _cOCLCE _dOCLCQ _dOCLCF _dOCLCO _dTEFOD _dOCLCO _dTEFOD _dOCL _dOCLCQ _dUk _dKH8 _epn |
||
| 042 | _aukblsr | ||
| 082 | 0 | 4 |
_a812.54 TEN _223 |
| 100 | 1 |
_aWilliams, Tennessee, _d1911-1983, _eauthor. |
|
| 245 | 1 | 2 |
_aA streetcar named desire / _cTennessee Williams, edited by E. Martin Browne with an introduction by Arthur Miller and an essay by the author. |
| 260 |
_aLondon : _bPenguin, _c2009. |
||
| 300 |
_ax, 111 pages ; _c8.66 x 5.91 x 0.98 inches. |
||
| 336 |
_atext _2rdacontent |
||
| 337 |
_acomputer _2rdamedia |
||
| 338 |
_aonline resource _2rdacarrier |
||
| 490 | 1 | _aPenguin modern classics | |
| 588 | 0 | _aPrint version record. | |
| 650 | 0 |
_aSisters _zLouisiana _zNew Orleans _vDrama. |
|
| 650 | 0 |
_aMarried people _zLouisiana _zNew Orleans _vDrama. |
|
| 650 | 7 |
_aManners and customs. _2fast _0(OCoLC)fst01007815 |
|
| 650 | 7 |
_aMarried people. _2fast _0(OCoLC)fst01010656 |
|
| 650 | 7 |
_aSisters. _2fast _0(OCoLC)fst01119758 |
|
| 651 | 0 |
_aUnited States _xSocial life and customs _y1945-1970 _vDrama. |
|
| 651 | 7 |
_aLouisiana _zNew Orleans. _2fast _0(OCoLC)fst01204311 |
|
| 651 | 7 |
_aUnited States. _2fast _0(OCoLC)fst01204155 |
|
| 655 | 4 | _aElectronic books. | |
| 655 | 7 |
_aDrama. _2fast _0(OCoLC)fst01423879 |
|
| 700 | 1 |
_aBrowne, E. Martin _q(Elliott Martin), _d1900-1980. |
|
| 830 | 0 | _aPenguin modern classics. | |
| 942 |
_2ddc _cTR |
||